000 00403cam a22001337a 4500
008 180718b1944 xxu||||| |||| 00| 0 eng d
082 _aB19x54 B223w
100 _aBanerji, Albion Raj Kumar
245 _aWhat is wrong with India
_cby Albion Raj Kumar Banerji
260 _aAllahabad
_bKitabistan
_c1944
300 _a238p.
650 _aIndia - Social Conditions.
650 _aIndia - Economic Conditions
999 _c358908
_d358908